|
|
|
|
| LEADER |
00000nam a2200000 a 4500 |
| 001 |
UCR2997 |
| 003 |
CL-VaPUC |
| 008 |
980123e19870000CL |||||||||||||||||spa|d |
| 082 |
0 |
4 |
|a 635.9348
|b COR
|2 21
|
| 110 |
2 |
|
|a CORFO
|e author
|9 401628
|
| 245 |
1 |
0 |
|a Perfil técnico económico de un módulo de producción de gladiolos para la I y III regiones: estudios de iniciativas para pequeños empresarios agrícolas
|
| 300 |
|
|
|a 36 p
|
| 942 |
|
|
|c BK
|
| 945 |
|
|
|d 19980123 00:00:00
|a jquezada
|
| 260 |
|
|
|a Santiago
|b CORFO
|c 1987
|
| 650 |
|
0 |
|a Floricultura
|9 264401
|
| 650 |
|
0 |
|a Producción
|9 263680
|
| 650 |
|
0 |
|a Control de plagas
|9 327373
|
| 650 |
|
7 |
|a SUELO
|2 CL-VaPUC
|9 348469
|
| 650 |
|
0 |
|a Cultivo
|9 264268
|
| 650 |
|
7 |
|a GLADIOLOS
|2 CL-VaPUC
|9 401540
|
| 650 |
|
7 |
|a PEQUEÑA EMPRESA
|2 CL-VaPUC
|9 324333
|
| 650 |
|
0 |
|a Inversiones
|9 261520
|
| 583 |
|
|
|a last modification
|c 19980123 00:00:00
|k Rodrigo Vera
|
| 999 |
|
|
|c 266113
|d 266111
|